000 00270nam a22001217a 4500
008 170731b xxu||||| |||| 00| 0 eng d
041 _aeng
080 _a004
100 _a32
101 _aSHKI
245 _aOBJECT ORIENTED SIMULATION
_cROBERTS, CH.A
942 _2udc
_cBK
999 _c22278
_d22278